000 00531nam a2200205Ia 4500
005 20250923145929.0
008 008 250917s9999 xx 000 0 eng d
037 _aTextual
040 _aDSWL
_beng
_cDSWL
041 _aeng
_2eng
084 _aY:1:7, N94
_qDSWL
100 _aMoore, W.E.
_9840415
245 0 _aSocial change
_c by W.E. Moore
260 _aNew Delhi
_b P.H.I.
_c1994
300 _ax,132p.
365 _aINR
_b29.00
925 _g29.00
942 _cTEXL
_hY:1:7, N94
999 _c1457487
_d1457487